| 000 | 01372cam a2200337 a 4500 | ||
|---|---|---|---|
| 001 | 4962608 | ||
| 005 | 20160712125632.0 | ||
| 008 | 970613s1997 njua b 001 0 eng | ||
| 010 | _a 97022452 | ||
| 020 | _a0805826068 (cloth : alk paper) | ||
| 020 | _a0805826076 (pbk. : alk. paper) | ||
| 040 |
_aDLC _cDLC _dDLC |
||
| 050 | 0 | 0 |
_aN6494.P66 _bJ34 1997 |
| 082 | 0 | 0 |
_a709/.045 _221 |
| 100 | 1 |
_aJagodzinski, Jan, _d1948- |
|
| 245 | 1 | 0 |
_aPun(k) deconstruction : _bexperifigural writings in art & art education / _cJan Jagodzinski. |
| 246 | 3 | _aPun deconstruction | |
| 246 | 3 | _aPunk deconstruction | |
| 260 |
_aMahwah, N.J. : _bLawrence Erlbaum Associates, _c1997. |
||
| 300 |
_axviii, 244 p. : _bill. ; _c29 cm. |
||
| 440 | 0 | _aStudies in curriculum theory | |
| 504 | _aIncludes bibliographical references (p. 219-235) and indexes. | ||
| 650 | 0 | _aPostmodernism. | |
| 650 | 0 | _aFeminism and art. | |
| 650 | 0 | _aArt and society. | |
| 650 | 0 |
_aArt _xStudy and teaching _xHistory _y20th century. |
|
| 856 | 4 | 2 |
_3Publisher description _uhttp://www.loc.gov/catdir/enhancements/fy0709/97022452-d.html |
| 906 |
_a7 _bcbc _corignew _d1 _eocip _f19 _gy-gencatlg |
||
| 942 |
_2lcc _cBOOKS _hN 6494 .P66J34 1997 |
||
| 999 |
_c11842 _d11842 |
||